[Event "Tres Cantos op 4th"]
[Site "Tres Cantos"]
[Date "2012.06.21"]
[Round "1"]
[White "Guerrero Villanueva, David"]
[Black "Hernandez Ramos, David"]
[Result "1-0"]
[WhiteElo "2021"]
[BlackElo "1619"]
[PlyCount "37"]
[EventDate "2012.06.21"]
[EventType "swiss"]
[EventRounds "9"]
[EventCountry "ESP"]
[SourceTitle "CBM 149 Extra"]
[Source "ChessBase"]
[SourceDate "2012.08.24"]
[SourceVersion "1"]
[SourceVersionDate "2012.08.24"]
[SourceQuality "1"]

1. e4 e6 2. d4 d5 3. exd5 exd5 4. Bd3 Nf6 5. Ne2 Be7 6. 0-0 0-0 7. Bf4 Bg4 8. f3 Bh5 9. Bg3 Bg6 10. Bxg6 fxg6 11. Nf4 Qd7 12. Re1 Na6 13. Nd3 c6 14. Ne5 Qd8 15. Qe2 Qb6 16. c3 Rfe8 17. b3 Nh5 18. Nd7 Nxg3 19. Qe6+ 1-0